| 000 | 00531nam a2200169Ia 4500 | ||
|---|---|---|---|
| 008 | 240729s9999 xx 000 0 und d | ||
| 245 | 0 | _aAl-'Usur al-Wusta | |
| 260 | _aUnited States | ||
| 260 | _bColumbia University Libraries | ||
| 650 | _a History (General) | ||
| 650 | _a History of Asia | History (General) and history of Europe | ||
| 650 | _a Medieval history | ||
| 650 | _aHistory (General) and history of Europe | ||
| 856 | _uhttps://doaj.org/toc/193ee904184e4cfdb6edb6c5bff70da8 | ||
| 942 | _2ddc | ||
| 942 | _cDOAJEJ | ||
| 999 |
_c73217 _d73217 |
||
| 945 |
_a1 _bMadushi Gamage _c1 _dMadushi Gamage |
||